000 00309nam a2200133 i 4500
001 bg
100 1 _aSTRAUCH, Edward
245 0 _aMeteorologia a środowisko /
_cEdward Strauch.
260 _aWarszawa,
_c1975.
040 _cBPK
041 _apol
942 _cKS
008 s pl f |000 0 pol
999 _c26852
_d26852
856 _uhttp://koha.tu.koszalin.pl/cgi-bin/koha/opac-detail.pl?biblionumber=26852
_yKatalog online BPK